| 000 | 00566nam a22001937a 4500 | ||
|---|---|---|---|
| 003 | DO-CoUTE | ||
| 005 | 20260521151046.0 | ||
| 008 | 260521b dr ||||| |||| 00| 0 spa d | ||
| 040 |
_aDO-CoUTE _bspa _cDO-CoUTE |
||
| 082 | _a861.F475c | ||
| 100 | 1 |
_aFigueroa, Sylvia _eAutor |
|
| 245 | 1 | 0 |
_aCarne Prensada / _cSylvia Figueroa |
| 260 |
_aMexico ; _bbrillar, _c2009 |
||
| 300 |
_a107 Paginas : _c22cm, |
||
| 504 | _aIncluye referencia bibliográfica e índice. | ||
| 650 | 4 | _aPoesía Contemporánea | |
| 700 | 1 |
_aSylvia Figueroa _eAutor |
|
| 942 |
_2ddc _cBK |
||
| 999 |
_c24221 _d24221 |
||